000 00560nam a2200205Ia 4500
005 20250326144936.0
008 250326s9999 xx 000 0 und d
020 _a0-324-28247-8
037 _aTextbook
040 _aFMSL
_beng
_cFMSL
041 _aeng
_2eng
084 _aX:8D P5
_qFMSL
100 _aGitman L J
_9735931
245 0 _aPersonal ficial planning
_cGitman L J; Joehnk M D
250 _a10
260 _aUnited Kingdom
_bUnited Kingdom, Thomson
_c2005
300 _axix,702
942 _cTB
_hX:8D P5
999 _c1305724
_d1305724